000 00552nam a22002177a 4500
003 BD-DhSAU
005 20230829111700.0
008 230621b2022 ii d|||| |||| 001 0 eng d
020 _a9788171640867
040 _aBD-DhSAU
082 _222
_a636.0202 In251
245 _aHandbook of animal husbandry/
_cICAR
250 _a4th ed.
260 _aNew Delhi
_bICAR.
_c2022
300 _aviii, 1550p. :
_bills.:
_c22 cm.
500 _aIncludes index.
590 _aroy
650 _aAnimal Husbandry
_xHandbook
710 _aICAR
942 _2ddc
_cBOOK
999 _c16991
_d16990